Informe

Guardat en:
Dades bibliogràfiques
Autor corporatiu: Comisión Nacional para el adulto mayor (Autor)
Format: Llibre
Idioma:espanyol
Publicat: Santiago Comisión Nacional para el adulto mayor 1995
Matèries:
Etiquetes: Afegir etiqueta
Sense etiquetes, Sigues el primer a etiquetar aquest registre!

MARC

LEADER 00000nam a2200000 a 4500
001 UCU2243
003 CL-VaPUC
008 960419e19950000CL |||||||||||||||||spa|d
082 0 4 |a 305.26  |b COM  |2 21 
110 2 |a Comisión Nacional para el adulto mayor  |e author  |9 358297 
245 1 0 |a Informe 
300 |a 113 p 
942 |c BK 
945 |d 19960419 00:00:00  |a mcarcey 
260 |a Santiago  |b Comisión Nacional para el adulto mayor  |c 1995 
650 0 |a Tercera edad   |9 307285 
650 0 |a Adulto mayor  |9 311317 
650 0 |a Ancianos   |9 307293 
650 0 |a Vejez   |9 307287 
650 0 |a Asistencia social   |9 351613 
583 |a last modification  |c 19960419 00:00:00  |k Rodrigo Vera 
999 |c 246610  |d 246608 
952 |0 0  |1 0  |4 0  |6 305_260000000000000_COM_1995  |7 0  |8 A  |9 261750  |a BIBEDU  |b BIBEDU  |d 2019-11-19  |i 3192482  |o 305.26 COM 1995  |p 3192482  |r 2019-11-19  |w 2019-11-19  |y BK  |k EDU